[Event "CZE-chT3A Middle 0506  "]
[Site "Czech Republic"]
[Date "2005.11.27"]
[Round "3.8"]
[White "Jargoyhen, Roger"]
[Black "Vlcek, Marek"]
[Result "1/2-1/2"]
[WhiteElo "1808"]
[BlackElo "1873"]
[PlyCount "101"]
[EventDate "2005.10.30"]
[EventType "team"]
[EventRounds "11"]
[EventCountry "CZE"]
[SourceTitle "EXT 2009"]
[Source "ChessBase"]
[SourceDate "2008.11.26"]
[SourceVersion "1"]
[SourceVersionDate "2008.11.26"]
[SourceQuality "1"]

1. d4 Nf6 2. c4 e6 3. Nf3 b6 4. g3 Bb7 5. Bg2 Be7 6. 0-0 0-0 7. Nc3 d6 8. Re1 Nbd7 9. e4 c5 10. d5 Ng4 11. Nd2 Nde5 12. Qe2 f5 13. f4 Ng6 14. h3 Nh6 15. e5 Kh8 16. exd6 Bxd6 17. Nf3 exd5 18. cxd5 Nf7 19. Be3 Re8 20. Qd2 Qd7 21. Bf2 b5 22. a4 b4 23. Rxe8+ Rxe8 24. Nd1 Be7 25. Ne3 Bf6 26. Nc4 Qxd5 27. Qxd5 Bxd5 28. Rc1 Bxc4 29. Rxc4 Bxb2 30. Bxc5 Rc8 31. Rc2 a5 32. Bf1 Bc3 33. Bd4 Bxd4+ 34. Nxd4 Rxc2 35. Nxc2 Nd6 36. Bd3 Ne7 37. Nd4 Nd5 38. Nb3 Nc3 39. Nxa5 Nxa4 40. Nb3 g6 41. Kf2 Kg7 42. Ke3 Kf6 43. g4 fxg4 44. hxg4 Nb2 45. Be2 g5 46. fxg5+ Kxg5 47. Nc5 Nbc4+ 48. Kd4 Na5 49. Ne6+ Kh4 50. Kc5 Ne4+ 51. Kxb4 1/2-1/2